Normal view MARC view
  • Baregar Ketki J - 2k131007; Dr.Ashok Pawar - Guide & [Company Name] -Geet Gandhar

Entry Personal Name

Number of records used in: 1

001 - CONTROL NUMBER

  • control field: 103249

003 - CONTROL NUMBER IDENTIFIER

  • control field: OSt

005 - DATE AND TIME OF LATEST TRANSACTION

  • control field: 20221007220509.0

008 - FIXED-LENGTH DATA ELEMENTS

  • fixed length control field: 221007|| aca||aabn | a|a d

040 ## - CATALOGING SOURCE

  • Original cataloging agency: OSt
  • Transcribing agency: OSt

100 ## - HEADING--PERSONAL NAME

  • Personal name: Baregar Ketki J - 2k131007; Dr.Ashok Pawar - Guide & [Company Name] -Geet Gandhar

670 ## - SOURCE DATA FOUND

  • Source citation: Work cat.: (OSt)73610: Baregar Ketki J - 2k131007; Dr.Ashok Pawar - Guide & [Company Name] -Geet Gandhar , Market Opportunities Available For Indian Musical Instruments With Reference To Online Selling In Pune Region, Sep-14